| 000 | 00458nam a2200157Ia 4500 | ||
|---|---|---|---|
| 008 | 160316s1997 xxu||||| |||| 00| 0 eng d | ||
| 082 |
_a364.153400 _bGIR |
||
| 100 | _a | ||
| 245 | _aGirls rights: Society's responsibility taking action against sexual exploitation and trafficking, 8-10 Dec. | ||
| 250 | _a | ||
| 260 |
_aMumbai _b _c1997 |
||
| 300 |
_a7 _b _c |
||
| 365 | _b | ||
| 650 | _a1. Sexual exploitation - trafficking - girls rights | ||
| 700 |
_a _a |
||
| 999 |
_c36625 _d36625 |
||